Idealité et realité du droit: les dimensions du raisonnement judiciaire

Guardat en:
Dades bibliogràfiques
Autor principal: Schwarz-Liebermann von Wahlendorf, H. A (Autor)
Format: Llibre
Idioma:francès
Publicat: París Librairie Générale de Droit et de Jurisprudence 1980
Col·lecció:Bibliothèque de Philosophie du Droit, 24
Matèries:
Etiquetes: Afegir etiqueta
Sense etiquetes, Sigues el primer a etiquetar aquest registre!

MARC

LEADER 00000nam a2200000 a 4500
001 UCS9721
003 CL-VaPUC
008 971121e19800000FR |||||||||||||||||fre|d
082 0 4 |a 340.11  |b SCH  |2 21 
100 0 |a Schwarz-Liebermann von Wahlendorf, H. A  |e author  |9 395003 
245 1 0 |a Idealité et realité du droit: les dimensions du raisonnement judiciaire 
300 |a 182 p 
942 |c BK 
945 |d 19971121 00:00:00  |a cmena 
260 |a París  |b Librairie Générale de Droit et de Jurisprudence  |c 1980 
650 0 |a Filosofía del derecho   |9 255050 
650 0 |a Idealismo  |9 265685 
650 0 |a Escuelas filosóficas   |9 266232 
650 0 |a Racionalismo  |9 259116 
650 0 |a Derecho y sociedad   |9 255963 
650 0 |a Costumbres y tradiciones   |9 268292 
650 0 |a Obligaciones   |9 255578 
650 0 |a Normas jurídicas  |9 258310 
650 0 |a Jurisprudencia  |9 255952 
583 |a last modification  |c 19971121 00:00:00  |k Rodrigo Vera 
490 0 |a Bibliothèque de Philosophie du Droit, 24 
999 |c 263482  |d 263480 
952 |0 0  |1 0  |4 0  |6 340_110000000000000_SCH_1980  |7 0  |8 DER_TF  |9 292806  |a BIBDER  |b BIBDER  |d 2019-11-19  |i 1906046  |o 340.11 SCH 1980  |p 1906046  |r 2023-01-25  |w 2019-11-19  |x Ubicación 4to Piso  |y BK  |z Estos recursos deben solicitarse con anticipación  |k DER